Động học của sự tạo mầm pha lỏng từ hơi quá bão hòa khi tính đến sự phụ thuộc của sức căng bề mặt vào kích thức giọt lỏng (Phần I) /
সংরক্ষণ করুন:
| প্রধান লেখক: | |
|---|---|
| বিন্যাস: | প্রবন্ধ |
| ভাষা: | Vietnamese |
| বিষয়গুলি: | |
| ট্যাগগুলো: |
ট্যাগ যুক্ত করুন
কোনো ট্যাগ নেই, প্রথমজন হিসাবে ট্যাগ করুন!
|
| Thư viện lưu trữ: | Thư viện Trường Đại học Đà Lạt |
|---|
| LEADER | 00841nam a2200265 4500 | ||
|---|---|---|---|
| 001 | DLU050049366 | ||
| 040 | # | # | |a DLU |b vie |
| 041 | # | # | |a vie |
| 044 | # | # | |a vn |
| 100 | # | # | |a Đỗ Quý Sơn |
| 245 | # | # | |a Động học của sự tạo mầm pha lỏng từ hơi quá bão hòa khi tính đến sự phụ thuộc của sức căng bề mặt vào kích thức giọt lỏng (Phần I) / |c Đỗ Quý Sơn |
| 653 | # | # | |a Động hóa học |
| 653 | # | # | |a Động học chất lỏng |
| 773 | # | # | |t Hóa học |g Số 1, 2002 tr.8-13 |
| 920 | # | # | |a Phòng Tạp chí -- Trung tâm Thông tin - Thư viện Trường Đại học Đà Lạt |
| 933 | # | # | |a HH |
| 994 | # | # | |a DLU |
| 900 | # | # | |a True |
| 911 | # | # | |a Nguyễn Thị Yên |
| 925 | # | # | |a G |
| 926 | # | # | |a A |
| 927 | # | # | |a BB |
| 980 | # | # | |a Thư viện Trường Đại học Đà Lạt |